| 000 | 00418 a2200109 4500 | ||
|---|---|---|---|
| 001 | ART_10504 | ||
| 005 | 20260410161848.0 | ||
| 008 | 260409a | ||
| 245 | 1 | 0 | _aMultiplicidad tecnológica, intensidad en el uso de la tierra y política económica agropecuaria en el sector pampeano argentino |
| 100 | 1 | _aSturzenegger, Adolfo | |
| 773 | 0 |
_tEconómica _g- Año XXIV, Nº 1/2/3 (ene./dic.1978) _wREV7541 |
|
| 999 |
_c24791 _d24791 |
||